The new international commentary on the new testament (Record no. 9744)
[ view plain ]
| 000 -LEADER | |
|---|---|
| fixed length control field | 00315nam a22001337a 4500 |
| 003 - CONTROL NUMBER IDENTIFIER | |
| control field | OSt |
| 005 - DATE AND TIME OF LATEST TRANSACTION | |
| control field | 20210204102209.0 |
| 008 - FIXED-LENGTH DATA ELEMENTS--GENERAL INFORMATION | |
| fixed length control field | 210125b ||||| |||| 00| 0 eng d |
| 040 ## - CATALOGING SOURCE | |
| Transcribing agency | DDC |
| 050 ## - LIBRARY OF CONGRESS CALL NUMBER | |
| Item number | G315N |
| 100 ## - MAIN ENTRY--PERSONAL NAME | |
| Personal name | Bruce, F.F. |
| 245 ## - TITLE STATEMENT | |
| Title | The new international commentary on the new testament |
| 942 ## - ADDED ENTRY ELEMENTS (KOHA) | |
| Source of classification or shelving scheme | Dewey Decimal Classification |
| Koha item type | Books |
No items available.
